|
|
|
|
| LEADER |
00000nam a2200000 a 4500 |
| 001 |
vtls001124799 |
| 003 |
SK-MaSNL |
| 005 |
20260301194043.0 |
| 008 |
251113s1995 xo aa r y slo |
| 015 |
|
|
|a SNBA1996/0300671
|
| 020 |
|
|
|a 8080500126
|c 94,00 Sk (300 výt.)
|
| 035 |
|
|
|a SNK000067645
|
| 035 |
|
|
|a urn:nbn:sk:snk-amlkub
|
| 035 |
|
|
|a urn:nbn:sk:snk-am00bqe0
|
| 035 |
|
|
|a 88A81A91-8D92-4B88-9A62-F540A588213C
|
| 040 |
|
|
|a SNK
|b slo
|c SNK
|e AACR2
|
| 041 |
0 |
|
|a slo
|
| 044 |
|
|
|a xo
|c SK
|
| 080 |
|
|
|a 50(091)(075.8)
|2 1981
|
| 245 |
0 |
|
|a Kapitoly z dejín prírodných vied pre učiteľov
|n 1. diel
|c [Ondrej Baráth ... [et al.]]
|
| 260 |
|
|
|a Nitra
|b Vysoká škola pedagogická
|c 1995
|
| 300 |
|
|
|a 242 s.
|b Ilustr., sch.
|c 30 cm
|
| 490 |
1 |
|
|a Vysokoškolské skriptá
|
| 490 |
1 |
|
|a Prírodovedec
|v č. 16
|
| 504 |
|
|
|a Bibliogr. s. 240-242
|
| 650 |
0 |
7 |
|a vedy prírodné
|x dejiny
|2 SNK
|9 407563
|
| 655 |
|
7 |
|a Textbooks (higher)
|2 SNKPHeng
|9 276436
|
| 655 |
|
7 |
|a učebnice vysokých škôl
|2 SNKPH
|9 70191
|
| 700 |
1 |
|
|a Baráth, Ondrej
|4 aut
|9 574088
|
| 700 |
1 |
|
|a Fulier, Jozef,
|d 1951-
|4 aut
|9 105394
|
| 700 |
1 |
|
|a Marenčík, Alojz,
|d 1936-
|4 aut
|9 7068
|
| 700 |
1 |
|
|a Rakovská, Mária,
|d 1936-
|4 aut
|9 216652
|
| 700 |
1 |
|
|a Sojka, Leonard,
|d 1933-
|4 aut
|9 228619
|
| 830 |
|
0 |
|a Vysokoškolské skriptá
|9 276440
|
| 830 |
|
0 |
|a Prírodovedec
|9 266401
|
| 919 |
|
|
|a 80-8050-012-6
|
| 958 |
|
|
|a OND
|
| 958 |
0 |
7 |
|a RM
|
| 958 |
0 |
7 |
|a NB
|
| 958 |
0 |
7 |
|a UV
|
| 999 |
|
|
|c 880331
|d 882261
|
| 952 |
|
|
|t P60, <09>, [BOOK], {629}
|a SNK
|b SNK
|y NEVYP
|7 0
|o snkB 43
|i snk176/960112
|0 0
|1 0
|4 0
|d 1996-01-10
|l 0
|r 2004-12-31 00:00:00
|w 2026-02-24
|
| 952 |
|
|
|t P60, <03>, [BOOK], {603}
|a SNK
|b SNK
|y PREZ
|7 0
|p 17A0968257
|o snkSB 54949/1
|i snkKSP 00397/96
|0 0
|1 0
|4 0
|d 1996-01-10
|f 1
|l 0
|r 2025-03-28 00:00:00
|w 2026-02-24
|
| 952 |
|
|
|t P60, <04>, [BOOK], {604}
|a SNK
|b SNK
|y VYP
|7 0
|p 17A0004261
|o snkSB 54949/1 D1
|i snkKSP 00398/96
|0 0
|1 0
|4 0
|d 1996-01-10
|l 0
|r 2004-12-31 00:00:00
|w 2026-02-24
|